Cartoon Villains Quiz Stats

 Plays Quiz Updated Apr 12, 2019

Score 0/27 Timer 05:00
5 Plays Today
Cartoon Series Villain % Correct
The SimpsonsMr. Burns
67.1%
Teenage Mutant Ninja TurtlesShredder
58.5%
TransformersMegatron
52.9%
SpongeBob SquarePantsPlankton
49.7%
He-Man and the Masters of the UniverseSkeletor
48.9%
PopeyeBluto
46.6%
The SmurfsGargamel
37.7%
Inspector GadgetDr. Claw
32.6%
G.I. JoeCobra Commander
29.4%
Samurai JackAku
16.6%
ThundercatsMumm-Ra
16%
DangerMouseBaron Silas Greenback
5.1%
She-Ra: Princess of PowerHordak
4.6%
Dungeons and DragonsVenger
3.3%
Cartoon Series Villain % Correct
Strawberry ShortcakeThe Peculiar Purple Pieman of Porcupine Peak
3.3%
Challenge of the GoBotsCy-Kill
2.6%
C.O.P.S.Brandon 'Big Boss' Babel
2.4%
Rainbow BriteMurky Dismal
2.4%
M.A.S.K.Miles Mayhem
2.3%
BravestarrTex Hex
2.2%
SilverhawksMon*star
1.9%
Pirates of Dark WaterBloth
1.5%
Jayce and the Wheeled WarriorsSaw Boss
1.4%
Ghostbusters (Filmation Version)Prime Evil
1.4%
Bucky O'Hare and the Toad WarsKOMPLEX
1.2%
JemEric Raymond
1.1%
Visionaries: Knights of the Magical LightDarkstorm
0.7%

You're not logged in!

Compare scores with friends on all Sporcle quizzes.
OR
Log In

Sporcle TV

Today on Sporcle TV


Watch our educational content, quiz creation guides, and fun videos on Sporcle TV.

Show Comments

Extras

Top Quizzes Today


Score Distribution

Your Account Isn't Verified!

In order to create a playlist on Sporcle, you need to verify the email address you used during registration. Go to your Sporcle Settings to finish the process.

Report this User

Report this user for behavior that violates our Community Guidelines.

Details: